Vista normal Vista MARC

Entrada Meeting Name

Número de registros utilizados en: 1

001 - CONTROL NUMBER

  • control field: 6003

003 - CONTROL NUMBER IDENTIFIER

  • control field: OSt

005 - DATE AND TIME OF LATEST TRANSACTION

  • control field: 20200623150516.0

008 - FIXED-LENGTH DATA ELEMENTS

  • fixed length control field: 200623|| aca||aabn | a|a d

040 ## - CATALOGING SOURCE

  • Original cataloging agency: OSt
  • Transcribing agency: OSt

111 ## - HEADING--MEETING NAME

  • Meeting name or jurisdiction name as entry element: Congreso Nacional de Ahorro
  • Number of part/section/meeting: (2o :
  • Date of meeting or treaty signing: 1992 :
  • Location of meeting: Cartagena)

670 ## - SOURCE DATA FOUND

  • Source citation: Work cat.: (OSt)5668: Congreso Nacional de Ahorro (2o : 1992 : Cartagena), El crédito de vivienda : , 1993